The Nandi of Kenya : (Record no. 123045)
[ view plain ]
| 000 -LEADER | |
|---|---|
| fixed length control field | 00987cam a2200277Ia 4500 |
| 001 - CONTROL NUMBER | |
| control field | 4730674 |
| 003 - CONTROL NUMBER IDENTIFIER | |
| control field | ARRUPE |
| 005 - DATE AND TIME OF LATEST TRANSACTION | |
| control field | 20150807123937.0 |
| 008 - FIXED-LENGTH DATA ELEMENTS--GENERAL INFORMATION | |
| fixed length control field | 740304s1953 enkabf b 001 0 eng |
| 010 ## - LIBRARY OF CONGRESS CONTROL NUMBER | |
| LC control number | 53034526 |
| 035 ## - SYSTEM CONTROL NUMBER | |
| System control number | (OCoLC)ocm00819264 |
| 035 ## - SYSTEM CONTROL NUMBER | |
| System control number | (NNC)4730674 |
| 040 ## - CATALOGING SOURCE | |
| Original cataloging agency | DLC |
| Transcribing agency | CWR |
| Modifying agency | SER |
| -- | XBM |
| -- | UKM |
| -- | IQU |
| 043 ## - GEOGRAPHIC AREA CODE | |
| Geographic area code | f-ke--- |
| 098 ## - OTHER CLASSIFICATION SCHEMES (OCLC) | |
| Call number based on other classification scheme | Jp2 |
| 300 ## - PHYSICAL DESCRIPTION | |
| Other physical details | ill., maps ; |
| Dimensions | 23 cm. |
| 100 1# - MAIN ENTRY--PERSONAL NAME | |
| Personal name | Huntingford, George Wynn Brereton. |
| 9 (RLIN) | 17329 |
| 245 14 - TITLE STATEMENT | |
| Title | The Nandi of Kenya : |
| Remainder of title | tribal control in a pastoral society / |
| Statement of responsibility, etc | by George Wynn Brereton Huntingford ; with a foreword by Sir Claud Hollis. |
| 246 30 - VARYING FORM OF TITLE | |
| Title proper/short title | Tribal control in a pastoral society |
| 260 ## - PUBLICATION, DISTRIBUTION, ETC. (IMPRINT) | |
| Place of publication, distribution, etc | London : |
| Name of publisher, distributor, etc | Routledge & Kegan Paul, |
| Date of publication, distribution, etc | 1953. |
| 300 ## - PHYSICAL DESCRIPTION | |
| Extent | xiii, 169 p., 5 leaves of plates (4 folded) : |
| 440 ## - SERIES STATEMENT/ADDED ENTRY--TITLE | |
| Title | Anthropology and ethnography |
| 9 (RLIN) | 18553 |
| 504 ## - BIBLIOGRAPHY, ETC. NOTE | |
| Bibliography, etc | Includes bibliographical references (p. 159-160) and index. |
| 650 #0 - SUBJECT ADDED ENTRY--TOPICAL TERM | |
| Topical term or geographic name as entry element | Nandi (African people) |
| 9 (RLIN) | 18554 |
| 942 ## - ADDED ENTRY ELEMENTS (KOHA) | |
| Source of classification or shelving scheme | Library of Congress Classification |
| Koha item type | Monograph ( Printed materials) |
| Withdrawn status | Lost status | Source of classification or shelving scheme | Damaged status | Not for loan | Collection code | Home library | Current library | Shelving location | Date acquired | Total Checkouts | Full call number | Barcode | Date last seen | Price effective from | Koha item type |
|---|---|---|---|---|---|---|---|---|---|---|---|---|---|---|---|
| Library of Congress Classification | Main Collection | ARRUPE LIBRARY | ARRUPE LIBRARY | Main Collection | 07/08/2015 | GN659.N3 H8 | 46500004394 | 09/04/2018 | 07/08/2015 | Monograph ( Printed materials) |